00367nam a2200145Ia 4500008004100000020001800041041000800059082001900067100001800086245003400104260003000138300000800168365001600176700002900192230718s9999 xx 000 0 und d a9788183713238 aeng a621.382'4bSUB aSubbaiah P.V. aAntennas And Wave Propagation c2010bScitech Publication a616 cRs.b340.00 aSubbaiah P.V. & Rao R.S.